000 01000cam a22003017a 4500
003 CHAP
005 20220329141531.0
008 971013s1984 r 00010 d
010 _a69757
011 _a70729
035 _a80282
040 _cCHAP
082 _a631.42
_bJ6
100 0 0 _aJones, J. Benton, Jr.
_962025
245 1 2 _aA Laboratory guide of exercises in conducting soil test, and plant analyses
260 _aAthens, Georgia :
_bBenton Laboratories,
_c1984
300 _a158 p.
_b: ilus.
590 _aBATCH-UPD
_b10
_c20130109
_lUCH01
_h2350
590 _aBATCH-UPD
_b10
_c20130110
_lUCH01
_h1842
590 _aBATCH-UPD
_b10
_c20130410
_lUCH01
_h1212
590 _aBATCH-UPD
_b10
_c20130914
_lUCH01
_h1705
590 _aCONVERSION
_b10
_c20130109
_lUCH01
_h1338
650 1 4 _aSuelos
_xAnĂ¡lisis.
_9110204
650 1 4 _aSuelos
_xManuales de laboratorio.
_9110426
901 _aBK
942 _cLIBRO
949 _a631.42 J6
_bBC
_cLIBRO
_d33724000068649
_eLIBRO
_gI.130210
_h69261
_i80282
_si
_t61.94
999 _c69757
_d69757